[Event "GER-ch 88th"]
[Site "Apolda"]
[Date "2017.06.26"]
[Round "4"]
[White "Prenzler, Daniel"]
[Black "Schulz, Karsten"]
[Result "1/2-1/2"]
[WhiteElo "2210"]
[BlackElo "2274"]
[EventDate "2017.06.23"]
[PlyCount "45"]

1. e4 d6 2. d4 Nf6 3. Nc3 e5 4. Nf3 exd4 5. Nxd4 Be7 6. g3 O-O 7. Bg2 Re8 8. O-O Bf8 9. h3 c6 10. Nde2 Nbd7 11. g4 Nc5 12. Ng3 a5 13. a4 Qc7 14. g5 Nfd7 15. b3 g6 16. Be3 b6 17. Qd2 Ba6 18. Rfe1 Rad8 19. Rad1 Bc8 20. Rf1 Ba6 21. Rfe1 Bc8 22. Rf1 Ba6 23. Rfe1 1/2-1/2

[Event "GER-ch 88th"]
[Site "Apolda"]
[Date "2017.06.26"]
[Round "4"]
[White "Schmidt Schaeffer, Sebastian"]
[Black "Frischmann, Rick"]
[Result "1/2-1/2"]
[WhiteElo "2381"]
[BlackElo "2302"]
[EventDate "2017.06.23"]
[PlyCount "82"]

1. d4 d5 2. Nf3 Nc6 3. Bf4 Bg4 4. e3 e6 5. h3 Bxf3 6. Qxf3 Nf6 7. Nc3 Bb4 8. Bd3 Qe7 9. O-O e5 10. dxe5 Nxe5 11. Bxe5 Qxe5 12. Nb5 c6 13. c3 Ba5 14. Qf5 Qe7 15. Nd4 g6 16. Qf3 Bc7 17. c4 Rd8 18. Rfd1 O-O 19. Ne2 Ne4 20. cxd5 Ng5 21. Qg4 Rxd5 22. Nf4 Rd6 23. h4 Ne6 24. Nxe6 Rxe6 25. g3 Re8 26. Kg2 Be5 27. Rab1 Rd8 28. Bc4 Red6 29. Rxd6 Rxd6 30. h5 b5 31. Bb3 c5 32. hxg6 hxg6 33. a4 c4 34. Bd1 a6 35. axb5 axb5 36. Bf3 Kg7 37. Qc8 Rd8 38. Qc6 Qb4 39. Qb7 Qc5 40. b4 cxb3 41. Rxb3 Rb8 1/2-1/2

[Event "GER-ch 88th"]
[Site "Apolda"]
[Date "2017.06.26"]
[Round "4"]
[White "Schmitt, Philipp"]
[Black "Miller, Eduard"]
[Result "1/2-1/2"]
[WhiteElo "2174"]
[BlackElo "2319"]
[EventDate "2017.06.23"]
[PlyCount "49"]

1. e4 e5 2. Nf3 Nc6 3. Bc4 Nf6 4. d3 Be7 5. c3 O-O 6. O-O d6 7. Bb3 Kh8 8. Nbd2 Ng8 9. d4 exd4 10. Nxd4 Na5 11. Bc2 c5 12. Nf5 Bxf5 13. exf5 d5 14. Nf3 Nf6 15. Re1 Nc6 16. Bf4 d4 17. cxd4 cxd4 18. Ba4 Bb4 19. Bd2 Bc5 20. Rc1 Qd6 21. Qc2 Nd7 22. Qe4 Nf6 23. Qc2 Nd7 24. Qe4 Nf6 25. Qc2 1/2-1/2

[Event "GER-ch 88th"]
[Site "Apolda"]
[Date "2017.06.26"]
[Round "4"]
[White "Schneider, Jana"]
[Black "Dobierzin, Olaf"]
[Result "1-0"]
[WhiteElo "2261"]
[BlackElo "2020"]
[EventDate "2017.06.23"]
[PlyCount "101"]

1. e4 c5 2. Nf3 d6 3. d4 cxd4 4. Nxd4 Nf6 5. Nc3 Nc6 6. Bb5 Bd7 7. Bg5 e6 8. Bxc6 Bxc6 9. Nxc6 bxc6 10. e5 Qa5 11. Bxf6 gxf6 12. O-O Qxe5 13. Re1 Qf5 14. Qd4 Be7 15. Qa4 Qc5 16. Ne4 Qb6 17. Rad1 d5 18. Ng3 Kd7 19. c4 Qb4 20. Qc2 Rac8 21. a3 Qb6 22. Qa4 Kc7 23. cxd5 cxd5 24. Rd3 Bc5 25. Qf4+ e5 26. Qd2 Bd4 27. b4 Kd7 28. Nf5 Rc4 29. Ne3 Bxe3 30. Rxd5+ Ke6 31. fxe3 Rhc8 32. Rd1 Rd4 33. exd4 Kxd5 34. Qf2 Ke6 35. Kh1 Rd8 36. Qa2+ Ke7 37. d5 Rd6 38. Qc4 Kd7 39. Qg4+ Ke7 40. Qc4 Kd7 41. Qd3 h6 42. Qh3+ Ke7 43. Qxh6 Qb5 44. Qc1 a6 45. h4 Rxd5 46. Rxd5 Qxd5 47. Qc5+ Ke6 48. Qxd5+ Kxd5 49. h5 e4 50. h6 e3 51. Kg1 1-0

[Event "GER-ch 88th"]
[Site "Apolda"]
[Date "2017.06.26"]
[Round "4"]
[White "Svane, Rasmus"]
[Black "Kollars, Dmitrij"]
[Result "1/2-1/2"]
[WhiteElo "2581"]
[BlackElo "2510"]
[EventDate "2017.06.23"]
[PlyCount "93"]

1. d4 d5 2. c4 e6 3. Nf3 Nf6 4. g3 Bb4+ 5. Bd2 Bd6 6. Bg2 c6 7. Nc3 Nbd7 8. b3 O-O 9. O-O b6 10. e4 dxe4 11. Ng5 Bb7 12. Ngxe4 Be7 13. Qc2 Nxe4 14. Nxe4 c5 15. dxc5 f5 16. Nc3 Bxg2 17. Kxg2 Nxc5 18. Rad1 Qc7 19. Bf4 Qc6+ 20. f3 Rad8 21. Nb5 a5 22. Be5 Rxd1 23. Rxd1 Rd8 24. Rxd8+ Bxd8 25. Bd4 Nd7 26. Qd2 Be7 27. Qe3 Kf7 28. Bc3 h6 29. Nd4 Qd6 30. Nb5 Qc6 31. Bd4 Bf6 32. Bxf6 Nxf6 33. Qe5 Ne8 34. Kf2 a4 35. Ke3 axb3 36. axb3 Qc5+ 37. Qxc5 bxc5 38. Kd3 e5 39. Kc3 Ke6 40. b4 cxb4+ 41. Kxb4 g5 42. Nc3 h5 43. c5 g4 44. fxg4 hxg4 45. c6 Kd6 46. Kb5 f4 47. gxf4 1/2-1/2

[Event "GER-ch 88th"]
[Site "Apolda"]
[Date "2017.06.26"]
[Round "4"]
[White "Tischbierek, Raj"]
[Black "Kolbus, Dietmar"]
[Result "1/2-1/2"]
[WhiteElo "2452"]
[BlackElo "2306"]
[EventDate "2017.06.23"]
[PlyCount "112"]

1. e4 c6 2. Nc3 d5 3. Nf3 Bg4 4. h3 Bxf3 5. Qxf3 e6 6. Be2 Nd7 7. O-O dxe4 8. Nxe4 Ngf6 9. d4 Nxe4 10. Qxe4 Nf6 11. Qd3 Be7 12. a4 a5 13. c3 O-O 14. Qg3 Ne4 15. Qf3 Nf6 16. Bc4 Nd5 17. Qg4 Nf6 18. Qe2 Re8 19. Re1 Nd5 20. Qg4 Bf6 21. Bd2 g6 22. Rad1 Rc8 23. Bc1 Rc7 24. g3 Rd7 25. Kg2 Kg7 26. Bb3 Qb6 27. Bc2 Qd8 28. Qe4 h5 29. Bb1 Rh8 30. Rd3 Nb6 31. Bc2 Nc8 32. g4 Nb6 33. Rg3 hxg4 34. hxg4 Kg8 35. Rf1 Nd5 36. f4 Kf8 37. Qf3 Qb8 38. Rh3 Ke7 39. Rxh8 Qxh8 40. Rh1 Qg8 41. Qg3 Rd8 42. Bd2 Kd7 43. c4 Nb4 44. Bxb4 axb4 45. d5 Kc8 46. Be4 exd5 47. cxd5 Bxb2 48. Qf2 Bc3 49. Qc5 f5 50. Bf3 fxg4 51. Bxg4+ Kb8 52. dxc6 Qd5+ 53. Qxd5 Rxd5 54. cxb7 Rd2+ 55. Kg3 Kxb7 56. Be6 Rd6 1/2-1/2

[Event "GER-ch 88th"]
[Site "Apolda"]
[Date "2017.06.26"]
[Round "4"]
[White "Tonndorf, Matthias"]
[Black "Langheinrich, Ferenc"]
[Result "0-1"]
[WhiteElo "2256"]
[BlackElo "2364"]
[EventDate "2017.06.23"]
[PlyCount "66"]

1. b3 e5 2. Bb2 Nc6 3. d3 d5 4. Nf3 Bd6 5. g3 Nf6 6. Bg2 O-O 7. Nbd2 e4 8. Bxf6 Qxf6 9. dxe4 dxe4 10. Nxe4 Bb4+ 11. c3 Bxc3+ 12. Kf1 Bxa1 13. Nxf6+ Bxf6 14. Qb1 Re8 15. h4 Bg4 16. e3 Rad8 17. b4 a5 18. b5 Ne5 19. Nd4 c5 20. bxc6 bxc6 21. Qc2 c5 22. Qxc5 Rc8 23. Qa3 Be7 24. Qxa5 Rc1+ 25. Qe1 Rxe1+ 26. Kxe1 Bb4+ 27. Kf1 Bc5 28. Nb3 Bb6 29. Be4 Be6 30. h5 f5 31. Bc2 Bc4+ 32. Kg1 Bd5 33. Rh3 Ra8 0-1

[Event "GER-ch 88th"]
[Site "Apolda"]
[Date "2017.06.26"]
[Round "4"]
[White "Zude, Arno"]
[Black "Telljohann, Sven"]
[Result "1/2-1/2"]
[WhiteElo "2398"]
[BlackElo "2407"]
[EventDate "2017.06.23"]
[PlyCount "102"]

1. e4 d5 2. exd5 Qxd5 3. Nc3 Qd6 4. d4 c6 5. Nf3 Bg4 6. h3 Bxf3 7. Qxf3 Nf6 8. Bf4 Qd8 9. Be2 e6 10. Qg3 Nbd7 11. Bc7 Qc8 12. O-O Be7 13. Rfe1 O-O 14. Rad1 Re8 15. Bf3 Bf8 16. Rd3 Nb6 17. Be5 Qd8 18. Ne4 Nxe4 19. Bxe4 Nc4 20. Bc7 Qd7 21. b3 Nd6 22. Bxd6 Bxd6 23. Qe3 Bc7 24. Qe2 Rad8 25. Red1 Qe7 26. g3 Rd7 27. Bf3 Red8 28. Kg2 Bb6 29. c3 a5 30. Qc2 Rd6 31. Qb1 R8d7 32. Qc2 Qd8 33. Be2 Qg5 34. Bf3 Qg6 35. Qe2 Qf6 36. Qe4 g6 37. Qe3 Qg7 38. Be2 Qf6 39. Qf3 Qd8 40. R1d2 Rd5 41. Qe4 Ba7 42. Rf3 b5 43. a3 b4 44. cxb4 axb4 45. a4 Bxd4 46. Bc4 R5d6 47. Rfd3 c5 48. f4 Kg7 49. h4 h6 50. Ra2 Ra7 51. Qf3 h5 1/2-1/2

[Event "GER-ch 88th"]
[Site "Apolda"]
[Date "2017.06.27"]
[Round "5"]
[White "Bischoff, Klaus"]
[Black "Meier, Georg"]
[Result "0-1"]
[WhiteElo "2504"]
[BlackElo "2644"]
[EventDate "2017.06.23"]
[PlyCount "102"]

1. b4 e5 2. Bb2 Bxb4 3. Bxe5 Nf6 4. Nf3 O-O 5. e3 d5 6. Be2 c5 7. O-O Nc6 8. Bb2 d4 9. c3 dxc3 10. Nxc3 Bf5 11. Na4 b6 12. a3 Ba5 13. d4 cxd4 14. Nxd4 Nxd4 15. Bxd4 Rc8 16. Rc1 Qd6 17. Qb3 Ne4 18. Qb2 Qg6 19. Rxc8 Rxc8 20. Rd1 h5 21. f3 h4 22. Ba6 Rc7 23. Be5 Rd7 24. Rxd7 Bxd7 25. Bd3 Qc6 26. Bxe4 Qxa4 27. h3 Qd1+ 28. Kh2 Be1 29. Qd4 Qxd4 30. Bxd4 Bf2 31. f4 f6 32. Bg6 Kf8 33. Be4 Ke7 34. Kh1 Kd6 35. Kh2 Bc6 36. Bg6 Bb5 37. Kh1 Kc7 38. Be4 Bf1 39. Bf3 Bd3 40. g4 hxg3 41. Kg2 Kd6 42. h4 Bc2 43. h5 Ke6 44. Bc6 Bd1 45. Bf3 Bb3 46. Bc6 Kf7 47. Bf3 Bc2 48. Bd5+ Kf8 49. h6 gxh6 50. Bxf6 Bxe3 51. Be5 Bf2 0-1

[Event "GER-ch 88th"]
[Site "Apolda"]
[Date "2017.06.27"]
[Round "5"]
[White "Buecker, Stefan"]
[Black "Tischbierek, Raj"]
[Result "0-1"]
[WhiteElo "2291"]
[BlackElo "2452"]
[EventDate "2017.06.23"]
[PlyCount "62"]

1. b3 g6 2. Bb2 Nf6 3. Bxf6 exf6 4. c4 d5 5. cxd5 Qxd5 6. Nc3 Qa5 7. a3 c5 8. b4 cxb4 9. axb4 Qxb4 10. Ra4 Qb6 11. Re4+ Be6 12. e3 f5 13. Bb5+ Nc6 14. Ra4 Bg7 15. Nge2 O-O 16. O-O a6 17. Bxc6 Qxc6 18. Nd4 Bxd4 19. Rxd4 Rfd8 20. Rh4 b5 21. Re1 a5 22. Ne2 b4 23. Nd4 Qb7 24. Qa4 Qe7 25. g3 Bd5 26. Rf4 Qd7 27. Qa1 a4 28. Rb1 b3 29. f3 a3 30. Nxb3 Bxb3 31. Rxb3 Qxd2 0-1

[Event "GER-ch 88th"]
[Site "Apolda"]
[Date "2017.06.27"]
[Round "5"]
[White "Dobierzin, Olaf"]
[Black "Middelhoff, Cornelius"]
[Result "0-1"]
[WhiteElo "2020"]
[BlackElo "2131"]
[EventDate "2017.06.23"]
[PlyCount "72"]

1. e4 e6 2. d4 d5 3. e5 c5 4. c3 Nc6 5. Nf3 Bd7 6. Be2 Nge7 7. Na3 Ng6 8. Nc2 Be7 9. O-O a6 10. Re1 cxd4 11. cxd4 Qb6 12. Bd3 Rc8 13. Rb1 Na5 14. Ne3 Bb5 15. g3 Bxd3 16. Qxd3 Qb5 17. Qxb5+ axb5 18. Bd2 Nc4 19. Rec1 Kd7 20. Nxc4 Rxc4 21. b3 Rc6 22. Rxc6 bxc6 23. b4 Ra8 24. Rb2 f6 25. Kf1 Ra3 26. Be3 Bd8 27. Ke2 Bc7 28. exf6 gxf6 29. Ne1 e5 30. Nc2 Ra8 31. Kd2 Ne7 32. f3 Nf5 33. Bf2 Nd6 34. dxe5 Nc4+ 35. Kc3 Nxb2 36. Kxb2 fxe5 0-1

[Event "GER-ch 88th"]
[Site "Apolda"]
[Date "2017.06.27"]
[Round "5"]
[White "Donchenko, Alexander"]
[Black "Svane, Rasmus"]
[Result "1/2-1/2"]
[WhiteElo "2573"]
[BlackElo "2581"]
[EventDate "2017.06.23"]
[PlyCount "100"]

1. d4 d5 2. c4 c6 3. Nf3 Nf6 4. e3 Bg4 5. h3 Bh5 6. g4 Bg6 7. Ne5 e6 8. Nd2 Nbd7 9. Nxg6 hxg6 10. Bg2 Bd6 11. O-O Ne4 12. cxd5 Nxd2 13. Bxd2 exd5 14. e4 dxe4 15. Re1 O-O 16. Bxe4 Nf6 17. Bf3 Bc7 18. Bb4 Bd6 19. Qb3 Rb8 20. Bc5 Bxc5 21. dxc5 Nd7 22. Qc3 Qf6 23. Qxf6 gxf6 24. b4 Ne5 25. Be4 Rfd8 26. Red1 Kf8 27. f4 Nc4 28. Rac1 Na3 29. h4 Nb5 30. Bg2 Rxd1+ 31. Rxd1 Nc3 32. Rd2 a5 33. a3 axb4 34. axb4 Ra8 35. Rd7 Ne2+ 36. Kf1 Nxf4 37. Be4 Re8 38. Bf3 Re3 39. Kf2 Rb3 40. Rxb7 Nd3+ 41. Ke2 Nxc5 42. Rb8+ Kg7 43. Bxc6 Na6 44. Rb7 Rb2+ 45. Kf3 Rb3+ 46. Ke2 Rxb4 47. Ra7 Nc5 48. Bd5 Rxg4 49. Rxf7+ Kh6 50. Rxf6 Rxh4 1/2-1/2

[Event "GER-ch 88th"]
[Site "Apolda"]
[Date "2017.06.27"]
[Round "5"]
[White "Engel, Luis"]
[Black "Kalinitschew, Sergey"]
[Result "1-0"]
[WhiteElo "2319"]
[BlackElo "2426"]
[EventDate "2017.06.23"]
[PlyCount "55"]

1. e4 c5 2. Nf3 g6 3. d4 cxd4 4. Nxd4 Nc6 5. c4 Bg7 6. Nc2 d6 7. Be2 Nf6 8. Nc3 O-O 9. Be3 Nd7 10. Qd2 Nc5 11. f3 a5 12. h4 f5 13. h5 Rf7 14. O-O-O Qf8 15. hxg6 hxg6 16. exf5 gxf5 17. Rh4 Ne5 18. f4 Ng4 19. Bd4 e5 20. Bg1 Ra6 21. Ne3 Nf6 22. Ned5 Be6 23. Bxc5 dxc5 24. fxe5 Nh7 25. Bh5 Rd7 26. Bg6 Bxe5 27. Rdh1 Qg7 28. Rxh7 1-0

[Event "GER-ch 88th"]
[Site "Apolda"]
[Date "2017.06.27"]
[Round "5"]
[White "Frischmann, Rick"]
[Black "Jahncke, Giso"]
[Result "1/2-1/2"]
[WhiteElo "2302"]
[BlackElo "2340"]
[EventDate "2017.06.23"]
[PlyCount "102"]

1. e4 d5 2. exd5 Nf6 3. Bb5+ Nbd7 4. d4 Nxd5 5. Nf3 e6 6. O-O Be7 7. Re1 O-O 8. Bf1 c5 9. c4 N5f6 10. Nc3 a6 11. Bf4 cxd4 12. Nxd4 Bb4 13. Rc1 e5 14. Bxe5 Nxe5 15. Rxe5 Bd6 16. Re1 Bg4 17. Be2 Bxe2 18. Rxe2 Bf4 19. Rcc2 Qd7 20. Nf3 Qxd1+ 21. Nxd1 Rac8 22. g3 Bh6 23. b3 Rfd8 24. Nb2 Kf8 25. Kg2 g6 26. Ne5 Nd7 27. Nxd7+ Rxd7 28. Na4 Rc6 29. c5 Rd5 30. f4 g5 31. Nb6 Rd4 32. f5 g4 33. h3 gxh3+ 34. Kxh3 Bg5 35. Kg2 Bd8 36. Na4 Be7 37. Rf2 h5 38. Rc3 Kg7 39. a3 a5 40. Kf3 Kf6 41. Rh2 Kg5 42. Ke3 Rg4 43. Ke2 Bf6 44. Re3 Bd4 45. Re8 Rxg3 46. Rg8+ Kf4 47. Rxg3 Kxg3 48. Rxh5 Bxc5 49. f6 Bxa3 50. Rg5+ Kf4 51. Rxa5 Rxf6 1/2-1/2

[Event "GER-ch 88th"]
[Site "Apolda"]
[Date "2017.06.27"]
[Round "5"]
[White "Fuchs, Florian"]
[Black "Buhmann, Rainer"]
[Result "1/2-1/2"]
[WhiteElo "2335"]
[BlackElo "2588"]
[EventDate "2017.06.23"]
[PlyCount "92"]

1. e4 e6 2. d4 d5 3. Nc3 Nf6 4. e5 Nfd7 5. f4 c5 6. Nf3 Nc6 7. Be3 a6 8. Qd2 b5 9. dxc5 Bxc5 10. Bd3 Qb6 11. Bf2 Bb7 12. O-O h6 13. a3 Bxf2+ 14. Rxf2 Nc5 15. b4 Nxd3 16. cxd3 a5 17. Rb1 axb4 18. axb4 O-O 19. d4 f6 20. Qd3 fxe5 21. fxe5 Ba6 22. Ne2 Bc8 23. Nc1 Bd7 24. Qc3 Be8 25. Nb3 Ra3 26. Qc1 Ra7 27. Qc3 Ra3 28. Qc1 Ra7 29. Qc3 Bh5 30. Rc1 Ra3 31. Qxc6 Qxc6 32. Rxc6 Rxb3 33. Rxe6 Rxb4 34. Rb6 Bxf3 35. gxf3 Rxd4 36. Rxb5 Rd1+ 37. Kg2 d4 38. Rd5 d3 39. e6 Re8 40. Rd6 Kf8 41. Rf1 Rd2+ 42. Rf2 Rd1 43. Rf1 Rxf1 44. Kxf1 Ke7 45. Rxd3 Kxe6 46. Kf2 Ke5 1/2-1/2

[Event "GER-ch 88th"]
[Site "Apolda"]
[Date "2017.06.27"]
[Round "5"]
[White "Hoefelsauer, Thomas"]
[Black "Heinert, Eugen"]
[Result "1-0"]
[WhiteElo "2395"]
[BlackElo "2151"]
[EventDate "2017.06.23"]
[PlyCount "55"]

1. Nf3 d5 2. c4 c6 3. e3 Nf6 4. Nc3 e6 5. d4 Nbd7 6. Qc2 Bd6 7. Bd3 dxc4 8. Bxc4 b5 9. Be2 Bb7 10. O-O Rc8 11. e4 e5 12. Rd1 Qc7 13. Bg5 O-O 14. dxe5 Nxe5 15. Bxf6 Nxf3+ 16. Bxf3 gxf6 17. g3 b4 18. Na4 c5 19. Bg4 Rce8 20. Qd2 Rxe4 21. Bf3 Rd4 22. Qe3 Be5 23. Nxc5 Bxf3 24. Rxd4 Bxd4 25. Qxd4 Qc6 26. Nd7 Bh1 27. Nxf6+ Kh8 28. Nd5+ 1-0

[Event "GER-ch 88th"]
[Site "Apolda"]
[Date "2017.06.27"]
[Round "5"]
[White "Huschenbeth, Niclas"]
[Black "Hirneise, Jens"]
[Result "0-1"]
[WhiteElo "2585"]
[BlackElo "2328"]
[EventDate "2017.06.23"]
[PlyCount "139"]

1. e4 c5 2. Nf3 Nc6 3. Bb5 g6 4. Bxc6 dxc6 5. d3 Bg7 6. h3 Nf6 7. Nc3 O-O 8. O-O Ne8 9. Be3 b6 10. Qd2 e5 11. Bh6 f6 12. Nh2 Be6 13. a4 a5 14. b3 Ra7 15. Ne2 Raf7 16. Kh1 Rd7 17. Bxg7 Nxg7 18. f4 exf4 19. Nxf4 Rdf7 20. Nxe6 Nxe6 21. Ng4 Kh8 22. Nh6 Rd7 23. Rf2 Qe7 24. Raf1 Qg7 25. Ng4 Rdf7 26. Qh6 Nd4 27. c3 Ne6 28. Qh4 g5 29. Qg3 Nf4 30. d4 cxd4 31. cxd4 Re7 32. Rxf4 gxf4 33. Qxf4 Qg6 34. e5 f5 35. Nh6 Qe6 36. Nxf5 c5 37. g4 cxd4 38. Qxd4 Qxe5 39. Qxe5+ Rxe5 40. Kg2 b5 41. Kf3 Rc5 42. Kf4 bxa4 43. bxa4 Rc4+ 44. Kg5 Rxa4 45. Rd1 Rb4 46. Rd7 Rg8+ 47. Kh5 Rbb8 48. Nh6 Rg7 49. Nf7+ Kg8 50. Nh6+ Kf8 51. Rd4 Ke8 52. Nf5 Rd7 53. Re4+ Kd8 54. g5 Kc7 55. h4 Rb4 56. Re5 Kb6 57. Kh6 Rb5 58. Re6+ Kc7 59. Ne3 a4 60. h5 Rb6 61. Rxb6 Kxb6 62. g6 hxg6 63. hxg6 Kc5 64. g7 Rxg7 65. Kxg7 a3 66. Nc2 a2 67. Kf6 Kc4 68. Ke5 Kc3 69. Na1 Kb2 70. Kd4 0-1

[Event "GER-ch 88th"]
[Site "Apolda"]
[Date "2017.06.27"]
[Round "5"]
[White "Kersten, Uwe"]
[Black "Goepfert, Jakob"]
[Result "1/2-1/2"]
[WhiteElo "2257"]
[BlackElo "2109"]
[EventDate "2017.06.23"]
[PlyCount "99"]

1. e4 c6 2. d4 d5 3. exd5 cxd5 4. Bf4 Nf6 5. c3 Nc6 6. Nd2 Bf5 7. Ngf3 a6 8. Be2 e6 9. Nh4 Nh5 10. Bxh5 Qxh4 11. Bg3 Qd8 12. O-O Be7 13. Be2 O-O 14. Re1 b5 15. b4 a5 16. a3 Qb6 17. Nb3 Ra7 18. Bf1 Rfa8 19. Qe2 axb4 20. axb4 Rxa1 21. Rxa1 Rxa1 22. Nxa1 Qa6 23. Nb3 Na7 24. Qb2 f6 25. h3 Bg6 26. Nc5 Qc6 27. Qa2 Bxc5 28. bxc5 Qb7 29. Qa5 Be8 30. Qb6 Qd7 31. Be2 Nc8 32. Qb8 Ne7 33. Bg4 Kf7 34. Bh5+ g6 35. Be2 Qc8 36. Qb6 Qd7 37. Bg4 Qc6 38. Qb8 Qc8 39. Qa7 Qd7 40. Qa5 Nc8 41. Bc7 Ne7 42. Be2 Qc6 43. Qa7 Qd7 44. Bf1 Nc6 45. Qb6 Ne7 46. g4 g5 47. f4 h6 48. fxg5 hxg5 49. Bg3 Ng6 50. Qb8 1/2-1/2

[Event "GER-ch 88th"]
[Site "Apolda"]
[Date "2017.06.27"]
[Round "5"]
[White "Keymer, Vincent"]
[Black "Nisipeanu, Liviu Dieter"]
[Result "1/2-1/2"]
[WhiteElo "2411"]
[BlackElo "2683"]
[EventDate "2017.06.23"]
[PlyCount "82"]

1. d4 Nf6 2. c4 e6 3. Nf3 b6 4. g3 Bb4+ 5. Nbd2 Bb7 6. Bg2 O-O 7. O-O a5 8. Qc2 Bxd2 9. Bxd2 Be4 10. Qc1 d6 11. Bg5 h6 12. Bxf6 Qxf6 13. Qe3 Bb7 14. Qd3 Rd8 15. Rfd1 Nd7 16. Rac1 c5 17. Ne1 d5 18. cxd5 exd5 19. dxc5 Nxc5 20. Qd4 Qxd4 21. Rxd4 Rac8 22. Rcd1 Re8 23. R4d2 Ne4 24. Rc2 Rc5 25. Rdc1 Rec8 26. e3 Kf8 27. Rxc5 Rxc5 28. Rxc5 Nxc5 29. Bf1 Ke7 30. Nc2 Kd6 31. f3 Ba6 32. Bxa6 Nxa6 33. Nd4 g6 34. Kf1 Nc5 35. a3 Ne6 36. Ke2 Nxd4+ 37. exd4 Ke6 38. g4 f5 39. h4 fxg4 40. fxg4 g5 41. hxg5 hxg5 1/2-1/2

[Event "GER-ch 88th"]
[Site "Apolda"]
[Date "2017.06.27"]
[Round "5"]
[White "Kolbus, Dietmar"]
[Black "Schmidt Schaeffer, Sebastian"]
[Result "1-0"]
[WhiteElo "2306"]
[BlackElo "2381"]
[EventDate "2017.06.23"]
[PlyCount "81"]

1. c4 c5 2. Nf3 Nf6 3. Nc3 e6 4. g3 b6 5. Bg2 Bb7 6. O-O Be7 7. b3 O-O 8. Bb2 d6 9. Re1 Nbd7 10. e4 a6 11. d4 cxd4 12. Nxd4 Qc7 13. Rc1 Rfe8 14. Qe2 Bf8 15. h3 Rac8 16. g4 Ne5 17. Qe3 Ng6 18. Na4 Nd7 19. Ne2 Qd8 20. Nac3 d5 21. cxd5 exd5 22. Ng3 Bd6 23. Rcd1 Bf4 24. Qe2 Nf6 25. Qf1 Be5 26. Na4 Bxb2 27. Nxb2 Rc2 28. Nc4 Nf4 29. e5 Nxg2 30. Qxg2 Bc6 31. exf6 Rxe1+ 32. Rxe1 Qxf6 33. Ne5 g6 34. Qf3 Qxf3 35. Nxf3 Rxa2 36. Nd4 Bd7 37. Re7 Rd2 38. Nge2 Be6 39. Nxe6 fxe6 40. Nf4 d4 41. Rxe6 1-0

[Event "GER-ch 88th"]
[Site "Apolda"]
[Date "2017.06.27"]
[Round "5"]
[White "Kollars, Dmitrij"]
[Black "Jugelt, Tobias"]
[Result "1/2-1/2"]
[WhiteElo "2510"]
[BlackElo "2431"]
[EventDate "2017.06.23"]
[PlyCount "65"]

1. e4 b6 2. d4 Bb7 3. Bd3 e6 4. Nf3 d6 5. O-O g6 6. Bg5 Qd7 7. Nc3 a6 8. Re1 h6 9. Bh4 Bg7 10. e5 d5 11. b4 Nc6 12. a3 Nce7 13. Ne2 g5 14. Bg3 Nf5 15. h4 Qe7 16. h5 O-O-O 17. c3 Qe8 18. Bh2 g4 19. Nd2 Nge7 20. Nf4 Rg8 21. Qe2 Qa4 22. Rec1 Kb8 23. Bc2 Qc6 24. a4 g3 25. Bxg3 Nxg3 26. fxg3 Qxc3 27. Nf3 Nc6 28. Bh7 Qxb4 29. Rcb1 Qc3 30. Rc1 Qb4 31. Rcb1 Qc3 32. Rc1 Qb4 33. Rcb1 1/2-1/2

[Event "GER-ch 88th"]
[Site "Apolda"]
[Date "2017.06.27"]
[Round "5"]
[White "Langheinrich, Ferenc"]
[Black "Rehberg, Raphael"]
[Result "1-0"]
[WhiteElo "2364"]
[BlackElo "2264"]
[EventDate "2017.06.23"]
[PlyCount "85"]

1. d4 d5 2. c4 e6 3. Nc3 c6 4. e4 dxe4 5. Nxe4 Bb4+ 6. Nc3 c5 7. a3 Ba5 8. Be3 Nf6 9. Rc1 Bxc3+ 10. Rxc3 Ne4 11. Qg4 Nxc3 12. Qxg7 Kd7 13. bxc3 Qf8 14. Qf6 Rg8 15. Nf3 Qg7 16. Ne5+ Ke8 17. Qf3 Nd7 18. Nd3 Qg4 19. Qxg4 Rxg4 20. h3 Rg8 21. g4 cxd4 22. cxd4 Nb6 23. Nc5 Bd7 24. f3 Bc6 25. Kf2 Nd7 26. d5 exd5 27. cxd5 Bxd5 28. Bb5 Bc6 29. Bxc6 bxc6 30. Re1 Nxc5 31. Bxc5+ Kd8 32. Re7 Rf8 33. g5 Kc8 34. h4 Rd8 35. Rxf7 Rd7 36. Rf4 Rb8 37. Rf6 Rb2+ 38. Kg3 Kb7 39. h5 Rb5 40. Rf5 Rd5 41. Rxd5 cxd5 42. Bd4 Kc6 43. h6 1-0

[Event "GER-ch 88th"]
[Site "Apolda"]
[Date "2017.06.27"]
[Round "5"]
[White "Meister, Jakob [RUS]"]
[Black "Bussard, Christian"]
[Result "1-0"]
[WhiteElo "2433"]
[BlackElo "2251"]
[EventDate "2017.06.23"]
[PlyCount "81"]

1. e4 e5 2. Nc3 Nf6 3. g3 d5 4. exd5 Nxd5 5. Bg2 Nxc3 6. bxc3 Bc5 7. Qh5 O-O 8. Nf3 g6 9. Qh6 Qf6 10. O-O Nc6 11. Rb1 Re8 12. d3 Bf8 13. Qe3 Rb8 14. Ng5 h6 15. Ne4 Qe7 16. Rb3 Bg7 17. Ba3 Qd8 18. Nc5 Na5 19. Na6 Nxb3 20. Nxb8 Bf5 21. Nc6 bxc6 22. axb3 Qa8 23. Bc5 a6 24. Ra1 Qb7 25. Ra4 Bd7 26. Qe4 Qb5 27. Qc4 Be6 28. Qxb5 axb5 29. Ra7 Bd5 30. Rxc7 Bxg2 31. Kxg2 Re6 32. c4 bxc4 33. dxc4 e4 34. Rc8+ Kh7 35. b4 Bc3 36. b5 cxb5 37. cxb5 Ba5 38. c4 Bb6 39. Bxb6 Rxb6 40. Rc6 Rb7 41. b6 1-0

[Event "GER-ch 88th"]
[Site "Apolda"]
[Date "2017.06.27"]
[Round "5"]
[White "Miller, Eduard"]
[Black "Prenzler, Daniel"]
[Result "1-0"]
[WhiteElo "2319"]
[BlackElo "2210"]
[EventDate "2017.06.23"]
[PlyCount "69"]

1. e4 e6 2. d3 d5 3. Nd2 Nf6 4. Ngf3 c5 5. g3 Nc6 6. Bg2 Be7 7. O-O O-O 8. Re1 Qc7 9. Qe2 b5 10. a4 b4 11. exd5 exd5 12. Nb3 h6 13. Bf4 Bd6 14. Bxd6 Qxd6 15. Qe3 d4 16. Qf4 Qxf4 17. gxf4 Be6 18. Nxc5 Bd5 19. Ne5 Rac8 20. Nb3 Rfd8 21. Rac1 Kf8 22. Bxd5 Rxd5 23. Kg2 Nd8 24. f5 Nc6 25. Nxc6 Rxc6 26. f4 Nd7 27. Re4 Rcd6 28. Rce1 Kg8 29. Kf3 Nc5 30. Re8+ Kh7 31. R1e5 Nxa4 32. Ke4 Nb6 33. Rf8 f6 34. Ree8 a5 35. Rh8# 1-0

[Event "GER-ch 88th"]
[Site "Apolda"]
[Date "2017.06.27"]
[Round "5"]
[White "Schmitt, Philipp"]
[Black "Schneider, Jana"]
[Result "0-1"]
[WhiteElo "2174"]
[BlackElo "2261"]
[EventDate "2017.06.23"]
[PlyCount "76"]

1. e4 e6 2. d4 d5 3. Nc3 Nf6 4. e5 Nfd7 5. f4 c5 6. Nf3 Be7 7. Be3 Nc6 8. Qd2 O-O 9. dxc5 Nxc5 10. O-O-O a6 11. Qf2 b6 12. h4 Qc7 13. h5 f5 14. h6 g6 15. Be2 Bd7 16. Kb1 Rfc8 17. Rc1 Rab8 18. Nh4 Na5 19. g4 fxg4 20. f5 gxf5 21. Bxg4 fxg4 22. Qf4 Kh8 23. Qf7 Rg8 24. Qxe7 Qd8 25. Qf7 Qf8 26. Rcf1 Nc4 27. Bc1 Qxf7 28. Rxf7 Nxe5 29. Rf6 Rbf8 30. Bg5 Bc6 31. Rhf1 Ned7 32. b4 Nb7 33. Be3 Rxf6 34. Bd4 Rgf8 35. a4 e5 36. Rxf6 Rxf6 37. b5 exd4 38. bxc6 Rxc6 0-1

[Event "GER-ch 88th"]
[Site "Apolda"]
[Date "2017.06.27"]
[Round "5"]
[White "Schulz, Karsten"]
[Black "Heimrath, Reiner"]
[Result "1-0"]
[WhiteElo "2274"]
[BlackElo "2231"]
[EventDate "2017.06.23"]
[PlyCount "63"]

1. g3 d5 2. Nf3 c5 3. Bg2 Nc6 4. d4 Nf6 5. O-O e6 6. c4 dxc4 7. Qa4 cxd4 8. Nxd4 Qxd4 9. Bxc6+ bxc6 10. Qxc6+ Qd7 11. Qxa8 Bc5 12. Nc3 O-O 13. Rd1 Qc7 14. Qf3 Bb7 15. e4 Nxe4 16. Nxe4 f5 17. Bf4 e5 18. Bxe5 Qf7 19. Rd7 Qxd7 20. Nxc5 Bxf3 21. Nxd7 Rd8 22. Nb8 Re8 23. Re1 Re6 24. Nd7 g5 25. Bc3 Ra6 26. Ne5 Bd5 27. Rd1 Be6 28. a3 h5 29. f3 Kh7 30. Kf2 Rb6 31. Nd7 Rc6 32. Nf8+ 1-0

[Event "GER-ch 88th"]
[Site "Apolda"]
[Date "2017.06.27"]
[Round "5"]
[White "Telljohann, Sven"]
[Black "Neyman, Igor"]
[Result "1/2-1/2"]
[WhiteElo "2407"]
[BlackElo "2308"]
[EventDate "2017.06.23"]
[PlyCount "86"]

1. Nf3 d5 2. c4 c6 3. b3 Nf6 4. g3 Bg4 5. Bg2 Nbd7 6. Bb2 e6 7. O-O Bd6 8. d3 O-O 9. Qc2 a5 10. a3 Re8 11. Rc1 h6 12. Bc3 Bh5 13. Qb2 Qb8 14. b4 axb4 15. axb4 Rxa1 16. Qxa1 e5 17. c5 Bc7 18. e3 Bg6 19. Bf1 b6 20. cxb6 Qxb6 21. Qa4 Bd6 22. Be1 c5 23. bxc5 Nxc5 24. Qd1 Nb3 25. Rc3 Rb8 26. Nbd2 Nxd2 27. Nxd2 Qb2 28. Rc1 Qb7 29. Qc2 Qb2 30. Qc6 Qb6 31. Qa4 Qd8 32. Nb3 Qd7 33. Qxd7 Nxd7 34. Na5 Nf6 35. Nc6 Rb3 36. d4 exd4 37. Nxd4 Rb1 38. Rxb1 Bxb1 39. f3 Nd7 40. Bb5 Ne5 41. Bc3 Kf8 42. Kg2 h5 43. h3 g6 1/2-1/2